Los modelos y la metodología en la reubicación: el caso de Costa Rica
Збережено в:
| Автор: | |
|---|---|
| Формат: | Текст |
| Опубліковано: |
San José :
|
| Предмети: | |
| Теги: |
Додати тег
Немає тегів, Будьте першим, хто поставить тег для цього запису!
|
MARC
| LEADER | 00000 a a2200000 04500 | ||
|---|---|---|---|
| 001 | 18116 | ||
| 003 | |||
| 040 | |a CRAI/IIS |c CRAI/IIS | ||
| 090 | |a 017800 | ||
| 100 | |a Lund Drolet, Patricia | ||
| 245 | |a Los modelos y la metodología en la reubicación: el caso de Costa Rica | ||
| 260 | |a San José : | ||
| 300 | |a pp. 77-8 | ||
| 500 | |a Separata de: "Vínculos" 9 (1-2): 1983 | ||
| 650 | |a PROYECTO HIDROELECTRICO BORUCA | ||
| 650 | |a TRANSFERENCIA DE POBLACION | ||
| 650 | |a PLANIFICACION | ||
| 650 | |a REASENTAMIENTO | ||
| 650 | |a MODELOS | ||
| 650 | |a METODOLOGIA | ||
| 999 | |c 7847 |d 7847 | ||
